000
00233nam a2200097Ia 4500
001
754868
005
20250826164748.0
008
250824s9999 xx 000 0 und d
245
0
_a
METE HAN
_c
YUSUF OSMAN
260
_b
YEDİVEREN YAYINLARI
999
_c
754868
_d
754868